000 00465nmm a2200169Ia 4500
008 251105s9999||||xx |||||||||||||||||und||
020 _a8488015577
041 _aspa
100 _aMorales, Rafael
245 0 _aObra poética completa (1943-1999)
264 _a[Madrid, España] :
_bCalambur,
_c1999
300 _a368 páginas
490 _aCalambur Poesía
650 _aSpanish poetry
856 _uhttps://public.digitaliapublishing.com/a/907
942 _cCF
999 _c73845
_d73845